| 000 | 00610mam a2200229 a 4500 | ||
|---|---|---|---|
| 001 | 2328474 | ||
| 003 | ARRUPE | ||
| 005 | 20160211150551.0 | ||
| 008 | 970409t19941953fr 000 1 fre d | ||
| 020 | _a2707302562 | ||
| 035 | _a(OCoLC)ocm36706907 | ||
| 035 | _a(NNC)2328474 | ||
| 040 |
_aFIL _bfre _cFIL |
||
| 050 |
_aPQ2635.O117 _bG6 |
||
| 092 |
_a843.9 _fROB |
||
| 100 | 1 |
_aRobbe-Grillet, Alain, _d1922-2008. _922268 |
|
| 245 | 1 | 4 |
_aLes gommes / _cby Alain Robbe-Grillet. |
| 260 |
_aParis : _bLes Editions de Minuit, _c1973 |
||
| 300 |
_a264 p. ; _c19 cm. |
||
| 942 |
_2lcc _cMONOGRAPH |
||
| 999 |
_c124164 _d124164 |
||